000 00473nam a2200193 a 4500
001 485
003 CO-ViMGA
008 141112s2004 ck r 000 u spa d
040 _aCO-ViMGA
_bspa
_cCO-ViMGA
082 0 4 _a863.64 M353
100 1 _aMendo, Miguel Ángel
_9197
245 1 0 _aUn musco siniestro
250 _a4a
260 _aMadrid :
_bS.M,
_c1995
300 _a141 p
490 _aEl barco de vapor, 69
650 1 4 _aCUENTOS ESPAÑOLES
_93223
942 _2ddc
_cBK
999 _c12726
_d12726